Parecer prévio sobre as contas prestadas pelo governador do Estado de Santa Catarina : (Record no. 1468)

MARC details
000 -LÍDER
Campo Fixo de Controle 00819nam a2200217 a 4500
001 - NÚMERO DE CONTROLE
Campo de Controle 1468
003 - IDENTIFICAÇÃO DO NÚMERO DE CONTROLE
Campo de Controle BR-CuiBMT
005 - DATA E HORA DA ÚLTIMA ATUALIZAÇÃO
Campo de Controle 20231211203001.0
008 - DADOS FIXOS
Dados Fixos 231209s2016 scba 000 0 por d
040 ## - AGÊNCIA CATALOGADORA
Código da Agência Catalogadora BR-CuiBMT
Agência que transcreveu o registro BR-CuiBMT
080 ## - Nº DA CLASSIFICAÇÃO DECIMAL UNIVERSAL
Nº edição CDU 2007
Nº Class. CDU 35.073.52
Subd. Auxiliar Comum (816.4)
090 ## - NÚMERO DE CHAMADA
Nº classificação 35.073.52(816.4)
Cutter S231p
110 1# - ENTRADA PRINCIPAL -- ENTIDADE
Nome da entidade ou lugar Santa Catarina.
Unidade subordinada Tribunal de Contas.
245 10 - TÍTULO PRINCIPAL
Título principal Parecer prévio sobre as contas prestadas pelo governador do Estado de Santa Catarina :
Subtítulo exercício 2014 /
Indicação de responsabilidade Tribunal de contas de Santa Catarina.
260 ## - PUBLICAÇÃO, DISTRIBUIÇÃO, ETC.
Local de publicação Florianópolis :
Editora Tribunal de Contas,
Data 2014.
300 ## - DESCRIÇÃO FÍSICA
N. páginas ou volumes 436 p´. :
Ilustrações il. color. ;
Dimensões 23 cm
650 ## - ASSUNTO TÓPICO
Cabeçalho tópico ou nome geográfico Administração pública
Subdivisão geográfica contas
650 ## - ASSUNTO TÓPICO
Cabeçalho tópico ou nome geográfico Tribunal de contas
Subdivisão de forma relatório e parecer
Subdivisão geográfica Santa Catarina
650 ## - ASSUNTO TÓPICO
Cabeçalho tópico ou nome geográfico Administração pública
Subdivisão geográfica Santa Catarina
942 ## - ELEMENTOS DE ENTRADA ADICIONAIS (KOHA)
Fonte de classificação ou esquema de arquivamento Classificação Decimal Universal
Tipo de item do Koha Livros
Holdings
Estado: removido Estado: perdido Fonte de classificação ou esquema de arquivamento Estado: danificado Indisponível para empréstimo Localização permanente Localização atual Data de aquisição Total Checkouts Número de Chamada completo Código de barras Date last seen Número do exemplar Preço efetivo a partir de Tipo de item (Koha)
    Classificação Decimal Universal     Biblioteca da Escola Superior de Contas do TCE/MT Biblioteca da Escola Superior de Contas do TCE/MT 11/12/2023   35.073.52(816.4) S231p BIBTCEMT23120365 11/12/2023 Ex. 1 11/12/2023 Livros

Powered by Koha